000 01477cam a22003857a 4500
003 CHAP
005 20220329141307.0
008 971010d1980 mx a r 00110 spa d
010 _a65917
011 _a66889
035 _a75874
040 _cCHAP
090 _aTesis
100 0 0 _aPalacios Sánchez, Julio Enrique.
_984836
245 1 0 _aRespuesta del cultivo del maíz (Zea mays) a diferentes niveles de humedad en el suelo, en tres etapas fenológicas
_c/por Julio Enrique Palacios Sánchez
260 _aChapingo, Méx. :
_bEl autor,
_c1980
300 _a71 h. :
_bilus. ; apénd. ; láms.
502 _aTesis (Ing. Agr. Esp. en Irrigación) -- UACH. Departamento de Irrigación
590 _aALEPH
_b10
_c20130110
_lUCH01
_h1359
590 _aBATCH-UPD
_b10
_c20130110
_lUCH01
_h0303
590 _aBATCH-UPD
_b10
_c20130110
_lUCH01
_h2051
590 _aBATCH-UPD
_b10
_c20130409
_lUCH01
_h2335
590 _aBATCH-UPD
_b10
_c20130914
_lUCH01
_h1754
590 _aCONVERSION
_b10
_c20130109
_lUCH01
_h1336
650 1 4 _aMaíz
_xEfecto de la humedad.
_970931
650 1 4 _aMaíz
_xEfecto del medio ambiente.
_970935
650 1 4 _aMaíz
_xIrrigación.
_970998
650 1 4 _aMaíz
_xRendimiento.
_971051
901 _aBK
942 _cFOLL
949 _bBC
_cTES
_d-95263
_eTS1
_i75874
_si
949 _bBC
_cTES
_d33724000681383
_eTS2
_fc.2
_h32968
_i75874
_sb
949 _bBC
_cTES
_d33724000704433
_eTS2
_fc.3
_h32968
_i75874
_kDonaciØn
_sb
949 _bZA
_cTESBD
_d-8872
_eTS1
_h210
_i75874
_si
999 _c65917
_d65917